000 00572nam a2200145Ia 4500
001 17791
003 GE_BSU
008 181216s||||||||xx |||||||||||||| ||und||
040 _cGE_BSU
245 _aPublic papers of the presidents of the United States Herbert Hoover
245 _bContaining the Public Message, Speeches, and Statements of the President. January i to december 31,1931
653 _aContaining the Public Message, Speeches, and Statements of the President. January i to december
653 _aPublic papers of the presidents of the United States
942 _cBK
999 _c50837
_d50837